LIBRARY & INFORMATION CENTRE, KCAET, TAVANUR

ONLINE PUBLIC ACCESS CATALOGUE (OPAC)

Practical cataloguing / (Record no. 5744)

MARC details
000 -LEADER
fixed length control field 00496cam a2200205ua 4500
041 ## - LANGUAGE CODE
Language code of text/sound track or separate title eng
082 ## - DEWEY DECIMAL CLASSIFICATION NUMBER
Classification number 025.3
Item number SHA/PR
100 ## - MAIN ENTRY--AUTHOR NAME
Personal name Shaema, C D .
245 ## - TITLE STATEMENT
Title Practical cataloguing /
250 ## - EDITION STATEMENT
Edition statement 2 /
260 ## - PUBLICATION, DISTRIBUTION, ETC. (IMPRINT)
Place of publication New Delhi :
Name of publisher Metropolitan Book Co. Pvt. Ltd ,
Year of publication 1980.
300 ## - PHYSICAL DESCRIPTION
Number of Pages 247 ; .
942 ## - ADDED ENTRY ELEMENTS (KOHA)
Koha item type Books
Holdings
Withdrawn status Lost status Damaged status Home library Current library Date acquired Full call number Accession Number Koha item type
      KAUAET KAUAET 09/03/1987 025.3 15992 Reference
      KAUAET KAUAET 09/03/1987 025.3 16017 Reference
      KAUAET KAUAET 09/03/1987 025.3 15993 Reference
free website counter